000 01281nam a22003257a 4500
003 CHAP
005 20220329134605.0
008 971013s1993 r 00010 d
010 _a22671
011 _a23643
035 _a27740
040 _cCHAP
090 _aTesis
100 0 0 _aCosgaya Cárdenas, Elvira Guadalupe.
_928445
245 _aEstudio de la posible función del AMP cíclico en la respuesta a la infección fúngica y su relación con el metabolismo de alcaloides indólicos en células en suspensión de Catharantus roseus
260 _aMérida, Yuc. :
_bEl autor,
_c1993
300 _a112 h.
_b: ilus. ; gráfs.
502 _aTesis (M.C. en Biotecnología Esp. en Procesos Vegetales) -- Instituto Tecnológico de Mérida. División de Estudios de Posgrado e Investigación
590 _aALEPH
_b10
_c20130110
_lUCH01
_h1247
590 _aBATCH-UPD
_b10
_c20130110
_lUCH01
_h1228
590 _aBATCH-UPD
_b10
_c20130410
_lUCH01
_h0759
590 _aBATCH-UPD
_b10
_c20130914
_lUCH01
_h1917
590 _aCONVERSION
_b10
_c20130109
_lUCH01
_h1313
650 1 4 _aAlcaloides en plantas.
_93554
650 1 4 _aCatharanthus roseus.
_920511
650 1 4 _aPlantas
_xMetabolismo.
_988858
901 _aBK
942 _cTESIS
949 _bBC
_cTES
_d-64213
_eTS1
_h27275
_i27740
_si
999 _c22671
_d22671